000 00926cam a22002651 4500
001 gs 47000342
003 DLC
005 20260227111353.0
008 750917s1941 xx 000 0 dut
010 _ags 47000342
035 _a(OCoLC)1632122
040 _aDLC
_cGAT
_dOCoLC
_dDLC
042 _apremarc
050 0 0 _aTD277
_b.L5
100 1 _aLindenbergh, Pieter Cornelis,
_d1896-
245 1 0 _aBijdrage tot oordeelkundig beheer van het duinwaterkapitaal,
_cdoor Pieter Cornelis Lindenbergh.
260 _aLeiden,
_bN. v. boek- en steendrukkerij Eduard IJdo
_c[1941?]
300 _axi, 188 p.
_billus., maps, profiles, tables, diagrs.
_c24 cm.
502 _aProefschrift--Technische Hoogeschool, Delft.
500 _aVita: p. [182]
504 _a"Literatuurlijst": p. [177]-181.
650 0 _aWater-supply
_zNetherlands
_zLeiden.
610 2 0 _aLeidsche Duinwater Maatschappij.
650 0 _aGroundwater
_zNetherlands.
999 _c28221
_d28221